000 00368nam a22001097a 4500
008 230606b xxu||||| |||| 00| 0 eng d
082 _a338.6762
_bMOP
245 _aEconomic Stimulus Programme (ESP) Achieevements-(2009-2012)
_cMinistry of Public Health and Sanitation
260 _aKenya
_bMinistry of Public Health and Sanitation
_c2012
300 _a410 p
942 _2ddc
_cBK
999 _c577
_d577